00541nam a2200109Ia 4500008004100000020001800041100009200059245019200151260002700343650001200370856004900382171212s9999 xx 000 0 und d a9780833092670 aSzayna, Thomas S.;Larson, Eric V.;O'Mahony, Angela;Robson, Sean;Schaefer, Agnes Gereben cSzayna, Thomas S.;Larson, Eric V.;O'Mahony, Angela;Robson, Sean;Schaefer, Agnes GerebenaConsiderations for Integrating Women into Closed Occupations in the U.S. Special Operations Forces bRAND Corporationc2015 aHistory uhttp://jstor.org/stable/10.7249/j.ctt19rmddv